000 00625cam a22002172 4500
001 0000004855
005 20151217155211.0
008 070530s xx 000 0 eng d
020 _a0716749475 :
_cKES 7,400
040 _aKABU
_cKABU
050 0 _aQR181
_b.I46 2003
245 1 0 _aImmunology /
_cRichard A. Goldsby ... [et al.]
250 _a4th ed.
260 _aNew York :
_bW. H. Freeman,
_c2003.
300 _axxiii, 551, [70] p.
650 0 _aImmunology.
_@0000075663
700 1 _aGoldsby, Richard A.
_@0000106614
908 _a070530
950 _@1
999 _c11946
_d11946